00571nam a2200169Ia 4500999001700000082001200017100002000029245007700049260002900126300002000155650003000175650003100205650002300236710001700259942001200276952011300288 c16174d16174 aTD.0254 aDhirendra Kumar 0aJuridical study of the territorial sea : With special reference to India c1996bLucknow University a318p. + C D -15 aJURISDICTION, TERRITORIAL aTERRITORIAL WATERS - INDIA aTERRITORIAL WATERS aMathur, L.N. cTH2ddc 00104070aNASSDOCbNASSDOCd2004-10-08i2008-12-30l0oTD.0254p35806r2019-04-18 00:00:00w2019-04-18yTH